• 首页
  • 本馆介绍
  • 公告通知
  • 最新文献
  • 馆藏检索
  • 电子资源
  • 读者导购
  • 参考咨询
  • 我的图书馆
  • 登录
  • 详细信息显示
  • 放入我的书架
  • 预约/预借图书
  • 作者相关作品
  • 分类相关作品
  • 丛书相关作品
  • 出版社相关作品

书目信息

  • 表格格式
  • 工作单格式
  • 卡片格式
题名:
国外社会科学著作提要
    
 
作者: ;中国社科院情报研究所国外社科著作提要编辑部 编
分册: 1979年  
出版信息: 北京   中国社会科学出版社  1979.1
页数: 238页
开本: 20cm
丛书名:
单 册:
中图分类: Z62
科图分类:
主题词: 期刊--中国 , 连续出版物--中国
电子资源:
ISBN:
000 00723nam0 2200205 45
001 0306191100
005 20060912082757.89
010    @dCNY0.78
091    @a17190.007
100    @a20030619d1979 km y0chiy0120 ea
101 0  @achi
200 1  @a国外社会科学著作提要@AGuo Wai She Hui Ke Xue Zhu Zuo Ti Yao@h1979年@h第一辑@f中国社科院情报研究所国外社科著作提要编辑部编@FZhong Guo She Ke Yuan Qing Bao Yan Jiu Suo Guo Wai She Ke Zhu Zuo Ti YaoBian Ji Bu Bian
210    @a北京@c中国社会科学出版社@d1979.1
215    @a238页@d20cm
606 0  @a期刊@x中国
606 0  @a连续出版物@x中国
690    @aZ62@v3
711 02 @a中国社科院情报研究所国外社科著作提要编辑部@4编
801    @aCN@bTSTC@c20060912
905    @f1@b20688@dZ62@e1/79
    
    国外社会科学著作提要.1979年.第一辑/中国社科院情报研究所国外社科著作提要编辑部编.-北京:中国社会科学出版社,1979.1
    238页;20cm
    
    
    ISBN :CNY0.78
    
●
相关链接 在E读中查询图书 在五车中查询图书 在当当中查询图书 在豆瓣中查询图书


正题名:国外社会科学著作提要     索取号:Z62/1/79         预约/预借

序号 登录号 条形码 馆藏地/架位号 状态 备注
1 0020688   001808084   第三借阅区/ [索取号:Z62/1/79] 在馆    
2 0470590   204705907   密集书库/ [索取号:Z62/1/79] 在馆    
唐山师范学院图书馆 欢迎您!
大连网信软件有限公司© 版权所有